ბათუმის შოთა რუსთაველის სახელმწიფო უნივერსიტეტის ბიბლიოთეკა

წმინდა გულის ადამიანები და მორჩილი კეთილი ცხოველები / (ბიბ.ჩანაწერი № 56027)

000 -ლიდერი
ფიქსირებული სიგრძის საკონტროლო ველი 01399nam a2200265Ia 4500
001 - საკონტროლო ნომერი
საკონტროლო ველი 23127
003 - საკონტროლო ნომრის იდენტიფიკატორი
საკონტროლო ველი GE_BSU
005 - ბოლო ოპერაციის თარიღი და დრო
საკონტროლო ველი 20250911184112.0
008 - ფიქსირებული სიგრძის მონაცემთა ელემენტები - ზოგადი ინფორმაცია
ფიქსირებული სიგრძის საკონტროლო ველი 181216s2018||||ge |||||||||||||| ||geo||
020 ## - წიგნის საერთაშორისო სტანდარტული ნომერი
International Standard Book Number 9789941293467
040 ## - კატალოგიზაციის წყარო
Transcribing agency GE_BSU
041 ## - ენის კოდი
Language code of text/sound track or separate title geo
080 ## - უნივერსალური ათობითი კლასიფიკაციის ინდექსი
Universal Decimal Classification number 27-29 წ-71
245 ## - ცნობა სათაურის შესახებ
Title წმინდა გულის ადამიანები და მორჩილი კეთილი ცხოველები /
Statement of responsibility, etc პროექტის ავტ. და რედ. : თამარ მამაცაშვილი ; შემდგ. : ს. თავაძე. ;მხატვ. ლ. სილაგაძე.
264 ## - წარმოების, გამოცემის, დისტრიბუციის და სხვა ცნობები
გამოცემის, წარმოების, დისტრიბუციის... ადგილი თბილისი :
გამოცემის, წარმოების, დისტრიბუციის... სახელწოდება პალიტრა L,
გამოცემის, წარმოების, დისტრიბუციის... თარიღი 2018.
300 ## - ფიზიკური აღწერა
Extent 149 გვ. :
Other physical details ილ. ;
Dimensions 20 სმ.
490 ## - სერიის ცნობა
Series statement მეგზური სიკეთის სამყაროში
Volume number/sequential designation 7
653 ## - INDEX TERM--UNCONTROLLED
Uncontrolled term რელიგია. ქრისტიანობა
653 ## - INDEX TERM--UNCONTROLLED
Uncontrolled term წმინდა გულის ადამიანები და მორჩილი კეთილი ცხოველები
700 ## - ADDED ENTRY--PERSONAL NAME
Personal name მამაცაშვილი, თამარ
Relator term რედაქტორი
9 (RLIN) 25799
700 ## - ADDED ENTRY--PERSONAL NAME
Personal name თავაძე, ს.
Relator term შემდგენელი
9 (RLIN) 23749
700 ## - ADDED ENTRY--PERSONAL NAME
Personal name სილაგაძე, ლ.
Relator term მხატვარი
9 (RLIN) 25792
942 ## - ADDED ENTRY ELEMENTS (KOHA)
Koha item type წიგნი
Source of classification or shelving scheme
ეგზემპლარები
ჩამოწერის სტატუსი დაკარგული ეგზემპლარის სტატუსი კლასიფიკაციის წყარო ან თაროზე გაწყობის სქემა დაზიანების სტატუსი არ გაიცემა მუდმივი მდებარეობა (დაცვის ადგილი) ამჟამინდელი ადგილსამყოფელი თაროზე განთავსების ადგილი შეძენის თარიღი ღირებულება, შესყიდვის ნორმალური ფასი სრული შენახვის შიფრი შტრიხკოდი ბოლო ოპერაციის თარიღი ეგზემპლარის მიმდევრობითი ნომერი (კეტერი?) ფასის ძალაში შესვლის თარიღი ეგზემპლარის სახეობა საჯარო შენიშვნა
          ბათუმის შოთა რუსთაველის სახელმწიფო უნივერსიტეტის მთავარი ბიბლიოთეკა ბათუმის შოთა რუსთაველის სახელმწიფო უნივერსიტეტის მთავარი ბიბლიოთეკა წიგნსაცავი 2018-12-17 4.00 27-29 წ-71 28144 2018-12-17 28144 2018-12-17 წიგნი 4.00 ₾.